[Event "Wattens op 11th"]
[Site "Wattens"]
[Date "1996.??.??"]
[Round "7"]
[White "Bernardi, Mario"]
[Black "Hillgarter, Erik"]
[Result "1-0"]
[WhiteElo "2045"]
[BlackElo "1795"]
[PlyCount "61"]
[EventDate "1996.??.??"]
[EventType "swiss"]
[EventRounds "9"]
[EventCountry "AUT"]
[SourceTitle "EXT 2000"]
[Source "ChessBase"]
[SourceDate "1999.11.16"]
[SourceVersion "1"]
[SourceVersionDate "1999.11.16"]
[SourceQuality "1"]

1. Nf3 Nf6 2. c4 e6 3. Nc3 d5 4. e3 c5 5. d4 Nc6 6. a3 cxd4 7. exd4 dxc4 8. Bxc4 a6 9. 0-0 b5 10. Ba2 Be7 11. Bg5 0-0 12. Qd3 Bb7 13. Rad1 Rc8 14. Ne5 Nd5 15. Bb1 f5 16. Bxe7 Ncxe7 17. Ne2 Nc6 18. Ba2 Nxe5 19. dxe5 Qb6 20. Qd4 Qa5 21. Nf4 Nxf4 22. Qxf4 Rc6 23. Rd6 Rxd6 24. exd6 Bd5 25. Bxd5 exd5 26. Qe5 Qd8 27. Qxd5+ Kh8 28. Re1 h6 29. h4 Qxh4 30. d7 Qd8 31. Qc6 1-0

[Event "Wattens op 05th"]
[Site "Wattens"]
[Date "1990.07.28"]
[Round "8"]
[White "Bernardi, Mario"]
[Black "Gruber, Arno"]
[Result "0-1"]
[WhiteElo "1989"]
[BlackElo "1840"]
[PlyCount "63"]
[EventDate "1990.07.21"]
[EventType "swiss"]
[EventRounds "9"]
[EventCountry "AUT"]
[SourceTitle "EXT 2006"]
[Source "ChessBase"]
[SourceDate "2005.11.24"]
[SourceVersion "1"]
[SourceVersionDate "2005.11.24"]
[SourceQuality "1"]

1. d4 Nf6 2. Nf3 g6 3. c4 Bg7 4. Nc3 0-0 5. e4 d6 6. Be2 e5 7. 0-0 Nc6 8. d5 Ne7 9. Ne1 Nd7 10. Nd3 f5 11. Bd2 Nf6 12. f3 f4 13. Rc1 g5 14. c5 h5 15. cxd6 cxd6 16. Nf2 Rf7 17. h3 Bf8 18. Nb5 Ng6 19. Bb4 a6 20. Nc3 Rg7 21. Kh1 Nh8 22. Qd2 b5 23. Nb1 g4 24. Ba5 Qe8 25. Rc7 Be7 26. Rg1 Bd7 27. Rcc1 Nf7 28. a4 bxa4 29. Na3 Ng5 30. h4 g3 31. Ng4 Nxg4 32. fxg4 0-1

[Event "Wattens op 05th"]
[Site "Wattens"]
[Date "1990.07.25"]
[Round "5"]
[White "Klima, Christoph"]
[Black "Bernardi, Mario"]
[Result "1-0"]
[WhiteElo "2079"]
[BlackElo "1989"]
[PlyCount "51"]
[EventDate "1990.07.21"]
[EventType "swiss"]
[EventRounds "9"]
[EventCountry "AUT"]
[SourceTitle "EXT 2006"]
[Source "ChessBase"]
[SourceDate "2005.11.24"]
[SourceVersion "1"]
[SourceVersionDate "2005.11.24"]
[SourceQuality "1"]

1. c4 Nf6 2. Nc3 c5 3. Nf3 d5 4. cxd5 Nxd5 5. g3 Nc6 6. Bg2 Nc7 7. 0-0 e5 8. a3 Be7 9. Rb1 Bf5 10. d3 0-0 11. Bd2 c4 12. dxc4 Bxb1 13. Qxb1 Qe8 14. Nd5 Bd8 15. Ng5 g6 16. b4 Ne6 17. Ne4 f5 18. Nd6 Qd7 19. c5 e4 20. Bh6 Ng7 21. Qb3 Kh8 22. Qc3 a6 23. f3 exf3 24. Bxf3 Rb8 25. e4 fxe4 26. Bg4 1-0

[Event "Wattens op 05th"]
[Site "Wattens"]
[Date "1990.07.24"]
[Round "4"]
[White "Bernardi, Mario"]
[Black "Vogel, Jaap"]
[Result "1/2-1/2"]
[WhiteElo "1989"]
[BlackElo "2315"]
[PlyCount "62"]
[EventDate "1990.07.21"]
[EventType "swiss"]
[EventRounds "9"]
[EventCountry "AUT"]
[SourceTitle "EXT 2006"]
[Source "ChessBase"]
[SourceDate "2005.11.24"]
[SourceVersion "1"]
[SourceVersionDate "2005.11.24"]
[SourceQuality "1"]

1. d4 e6 2. c4 Nf6 3. Nc3 Bb4 4. e3 c5 5. Bd3 Nc6 6. Nf3 Bxc3+ 7. bxc3 d6 8. e4 e5 9. d5 Ne7 10. Nh4 h6 11. f4 Ng6 12. Nxg6 fxg6 13. fxe5 dxe5 14. 0-0 0-0 15. Qe1 g5 16. Qe3 b6 17. Be2 Bd7 18. Bd2 Qe8 19. Be1 Qg6 20. Bg3 Rae8 21. Rae1 Qxe4 22. Qxe4 Nxe4 23. Rxf8+ Rxf8 24. Bxe5 Re8 25. Bg4 Nf6 26. Bd1 b5 27. d6 bxc4 28. Be2 Kf7 29. Bxc4+ Be6 30. Bb5 Bd7 31. Bc4+ Be6 1/2-1/2